Tandon's Code Of Civil Procedure 1908/ (Record no. 1715136)
[ view plain ]
| 000 -LEADER | |
|---|---|
| fixed length control field | 01005nam a2200325Ia 4500 |
| 003 - CONTROL NUMBER IDENTIFIER | |
| control field | OSt |
| 005 - DATE AND TIME OF LATEST TRANSACTION | |
| control field | 20260311154616.0 |
| 008 - FIXED-LENGTH DATA ELEMENTS--GENERAL INFORMATION | |
| fixed length control field | 260311b |||||||| |||| 00| 0 eng d |
| 020 ## - INTERNATIONAL STANDARD BOOK NUMBER | |
| International Standard Book Number | 9789348002150 |
| 037 ## - SOURCE OF ACQUISITION | |
| Stock number | Textbook |
| 040 ## - CATALOGING SOURCE | |
| Original cataloging agency | LCT |
| Language of cataloging | eng |
| Transcribing agency | LCT |
| 041 ## - LANGUAGE CODE | |
| Language code of text/sound track or separate title | eng |
| Source of code | eng |
| 084 ## - COLON CLASSIFICATION NUMBER | |
| Classification number | Z2,7,11 R5 |
| Assigning agency | LCT |
| 100 ## - MAIN ENTRY--PERSONAL NAME | |
| Personal name | Tondon, M. P. |
| 9 (RLIN) | 1131692 |
| 245 #0 - TITLE STATEMENT | |
| Title | Tandon's Code Of Civil Procedure 1908/ |
| Statement of responsibility, etc. | by M. P. Tondon; revised by S K Raghuvanshi |
| 250 ## - EDITION STATEMENT | |
| Edition statement | 31st ed. |
| 260 ## - PUBLICATION, DISTRIBUTION, ETC. | |
| Place of publication, distribution, etc. | Faridabad, India: |
| Name of publisher, distributor, etc. | Allahabad Law Agency, |
| Date of publication, distribution, etc. | 2025 |
| 300 ## - PHYSICAL DESCRIPTION | |
| Extent | lxviii, 888p. |
| 365 ## - TRADE PRICE | |
| Price type code | INR |
| Price amount | 965.00 |
| 650 ## - SUBJECT ADDED ENTRY--TOPICAL TERM | |
| Topical term or geographic name entry element | Law |
| 9 (RLIN) | 784798 |
| 650 ## - SUBJECT ADDED ENTRY--TOPICAL TERM | |
| Topical term or geographic name entry element | Code of Civil Procedure |
| 9 (RLIN) | 784799 |
| 650 ## - SUBJECT ADDED ENTRY--TOPICAL TERM | |
| Topical term or geographic name entry element | Commercial Courts Act |
| 9 (RLIN) | 784800 |
| 650 ## - SUBJECT ADDED ENTRY--TOPICAL TERM | |
| Topical term or geographic name entry element | Civil procedure India |
| 9 (RLIN) | 784801 |
| 650 ## - SUBJECT ADDED ENTRY--TOPICAL TERM | |
| Topical term or geographic name entry element | Criminal law |
| 9 (RLIN) | 784802 |
| 650 ## - SUBJECT ADDED ENTRY--TOPICAL TERM | |
| Topical term or geographic name entry element | Criminal law India |
| 9 (RLIN) | 784803 |
| 650 ## - SUBJECT ADDED ENTRY--TOPICAL TERM | |
| Topical term or geographic name entry element | Law Commentaries |
| 9 (RLIN) | 784804 |
| 700 ## - ADDED ENTRY--PERSONAL NAME | |
| Personal name | Raghuvanshi, S K |
| 9 (RLIN) | 1116175 |
| 942 ## - ADDED ENTRY ELEMENTS (KOHA) | |
| Koha item type | Textbook |
| Classification part | Z2,7,11 R5 |
| Source of classification or shelving scheme | Colon Classification (CC) |
| Suppress in OPAC | No |
| Withdrawn status | Lost status | Source of classification or shelving scheme | Damaged status | Not for loan | Collection | Home library | Current library | Shelving location | Date acquired | Source of acquisition | Cost, normal purchase price | Inventory number | Total Checkouts | Full call number | Barcode | Date last seen | Price effective from | Koha item type |
|---|---|---|---|---|---|---|---|---|---|---|---|---|---|---|---|---|---|---|
| Colon Classification (CC) | Non-fiction | Law Centre-II Library | Law Centre-II Library | General Stacks | 2025-12-08 | Bookwell Publication | 965.00 | 581/08.12.2025 | Z2,7,11 R5 | LT0029313 | 2026-03-11 | 2026-03-11 | Textbook | |||||
| Colon Classification (CC) | Non-fiction | Law Centre-II Library | Law Centre-II Library | General Stacks | 2025-12-08 | Bookwell Publication | 965.00 | 581/08.12.2025 | Z2,7,11 R5 | LT0029314 | 2026-03-11 | 2026-03-11 | Textbook | |||||
| Colon Classification (CC) | Non-fiction | Law Centre-II Library | Law Centre-II Library | General Stacks | 2025-12-08 | Bookwell Publication | 965.00 | 581/08.12.2025 | Z2,7,11 R5 | LT0029315 | 2026-03-11 | 2026-03-11 | Textbook | |||||
| Colon Classification (CC) | Non-fiction | Law Centre-II Library | Law Centre-II Library | General Stacks | 2025-12-08 | Bookwell Publication | 965.00 | 581/08.12.2025 | Z2,7,11 R5 | LT0029316 | 2026-03-11 | 2026-03-11 | Textbook | |||||
| Colon Classification (CC) | Non-fiction | Law Centre-II Library | Law Centre-II Library | General Stacks | 2025-12-08 | Bookwell Publication | 965.00 | 581/08.12.2025 | Z2,7,11 R5 | LT0029317 | 2026-03-11 | 2026-03-11 | Textbook |
